Ngân hàng quốc gia Việt Nam

Wedi'i Gadw mewn:
Manylion Llyfryddiaeth
Prif Awdur: Nguyễn, Tấn Tài
Fformat: Llyfr
Iaith:Undetermined
Cyhoeddwyd: Sài Gòn Học Viện Quốc Gia Hành Chánh 1971
Pynciau:
Tagiau: Ychwanegu Tag
Dim Tagiau, Byddwch y cyntaf i dagio'r cofnod hwn!
Thư viện lưu trữ: Trung tâm Học liệu Trường Đại học Cần Thơ
LEADER 00603nam a2200181Ia 4500
001 CTU_26391
008 210402s9999 xx 000 0 und d
082 |a 332.1 
082 |b T103 
100 |a Nguyễn, Tấn Tài 
245 0 |a Ngân hàng quốc gia Việt Nam 
245 0 |c Nguyễn Tấn Tài ; Nguyễn Ngọc Văn 
260 |a Sài Gòn 
260 |b Học Viện Quốc Gia Hành Chánh 
260 |c 1971 
650 |a Banks and banking,National banks 
904 |i Nguyễn Quang Điền, Tuyến 
980 |a Trung tâm Học liệu Trường Đại học Cần Thơ